MDQL
is popping MORE tags! Check the
thread
!
Quizzes
Events
Quiz Creation
Community
Videos
Private Events
Remove Ads
Sign In
Join for FREE
Feedback
Dark Mode
Quiz Categories
Sports
Geography
Music
Movies
Television
Just For Fun
Miscellaneous
History
Literature
Language
Science
Gaming
Entertainment
Religion
Holiday
For Kids
Quiz Lab
Recent
Popular Today
Quiz Kudos Today
Editor Picks
Curator Picks
Quizzes by...
Day
Popularity
Type
Ratings
Length
Year
Community
Subscriptions
Recent Discussions
Orange Saloon
Badges
Playlists
Quests
Create
Leaderboards
Showdown
Live 5
Trivia Bingo
Activity
Puzzle Library
Sporcle Events
Private Events
Virtual Trivia
Globe League
Become a Host
Pub Owners
SporcleCon
Opinionation
Our Games
Videos
Blog
Mobile Apps
Partnerships
Remove Ads and Go Orange
Feedback
Television
TV Characters
TV Show
Sitcom
Network
Friends
Reality Shows
Cast
South Park
Star Trek
The Simpsons
Doctor Who
Television
TV Characters
TV Show
Sitcom
Network
Friends
Reality Shows
Cast
South Park
Star Trek
The Simpsons
Doctor Who
Random Quiz
Search Sporcle
×
Quiz Lab
Quiz Lab
Television
Twin Peaks
Type in answers that appear in a list
Type in answers that appear in a list
Classic
Best Score? Go Orange.
Twin Peaks Trivia Stats
Can you name the Twin Peaks themes and characters?
By
gmman
7m
20 Questions
1,780 Plays
1,780 Plays
1,780 Plays
Comments
Comments
Give Quiz Kudos
Give Quiz Kudos
-
- Ratings
hide this ad
Replay
Link that replays current quiz
Next Quiz
Link to next quiz in quiz playlist
You Got
0%
They Got
Avg Score
76%
Avg Friend Score
Upgrade to see
Score Distribution
Jump to the score distribution portion of the page
Score
0/20
Timer
07:00
1
Play Today
Character or Theme
Answer
% Correct
Special Agent
Dale Cooper
98.3%
Flavor of Pie
Cherry
97.6%
Lodge
Black
96.9%
Type of Coffee
Black
96.9%
Lodge
White
91.3%
The '_
_
_
' Lady
Log
90.2%
'She's dead, wrapped in '_
_
_
_
_
_
_
.'
plastic
89.6%
Homecoming Queen
Laura Palmer
89.3%
The One '_
_
_
_
_
' Man
Armed
88.4%
Sheriff
Harry Truman
86.1%
Character or Theme
Answer
% Correct
The '_
_
_
' Room
Red
85.2%
Casino
One Eyed Jack's
84.9%
Hotel in Twin Peaks
The Great Northern
81.9%
Big '_
_
'
Ed
67.7%
Deputy
Andy Brennan
61.2%
Douglas '_
_
_
'
Fir
57.8%
Ex-
Partner
Windom Earle
57.4%
'_
_
_
_
_
_
_
' Method
Tibetan
46.1%
DEA Agent
Denise Bryson
29.9%
Diner
RR Diner
23.5%
Quiz Playlist
Details
Report
Send in Message
Add To Playlist
Classic:
Type in answers that appear in a list
Last Updated: May 18, 2017
Quiz Scoreboard
CHALLENGE
Sign Up to Join the Scoreboard
Show All
Scores
Hide
Comments
May contain spoilers
Recently Published
Image Sorting: Flags VI
by Barbecue
Geography
2m
Find the 'City' Movie
by crazypaving
Movies
60s
5x2 Blitz: Bands
by SL_Kpop136
Music
30s
More to Explore
Quiz From the Vault
Featured Blog Post
14 Easter Pick-up Lines to Find Eggs With
hide this ad
You Might Also Like...
Tags
Character
peak
theme
Twin Peaks
Twins
Today's Top Quizzes in Television
Browse Television
hide this ad
Today's Top Quizzes in Twin Peaks
Browse Twin Peaks
Top Contributed Quizzes in Television
1
Survivor Journey Challenge
2
Brooklyn Nine Nine Logic Puzzle (How-To-Play)
3
Total Drama Characters
4
Phoebe Buffay Quotes
5
Survivor Heroes vs. Villains Logic Puzzle
6
Adjectives in 00s TV Shows
7
Survivor Trivia
8
Game of Thrones: Tywin Lannister Start to Finish
9
Emmerdale Characters (from August 2012)
10
Survivor Logic Puzzle: Heroes vs. Villains
Explore More
Trending Topics
Marvel
Harry Potter
NBA
Disney
Kpop
Crossword
Anime
WWE
NFL
Puzzle
Country
Soccer
Song
Pokémon
The Office
hide this ad
More By:
gmman
Quiz
Plays
Rating
Category
Featured
Created
Twin Peaks Trivia
1,780
2.36
Television
Mar 4, 2011
Go to Creator's Profile
Score Distribution
Quiz Creator Spotlight
gmman
Follow
Send a Message
Quizzes Created
-
Created Quiz Play Count
-
More By This Creator
Popular Quizzes Today
1
Colored Red Africa Blitz
2
Find the US States - No Outlines Minefield
3
Find the 'City' Movie
4
5x2 Blitz: Bands
5
The Countries of the World
6
Find the US States
7
Find the Countries of Europe - No Outlines Minefield
8
US States
More Television Quizzes
Friends Finish the Line: Season Ten, Episodes 4-6
Quiz Lab
Trending Quizzes
Colored Red Europe Blitz I
Colored Red Europe Blitz II
Colored Red Africa Blitz II
Colored Red Europe Blitz III
Colored Red Africa Blitz III
Recently Updated
How Do You Spell That?
pecheneg
Godzilla Movies
pecheneg
Grab Bag: 4-10 Letters
pecheneg
2024 March Madness Bracket
pecheneg
Famous TV Couples
Peacemaker
Champions League XIs: Real Madrid
pecheneg
Largest US Cities 1790-2010
pecheneg
Rides in Walt Disney World
pecheneg
Most Oscar Losses (Acting)
pecheneg
Beyoncé Albums
pecheneg
Trending Topics
Disney
Kpop
Harry Potter
Marvel
Anime
Crossword
NBA
Pokémon
Puzzle
Country
Song
The Office
WWE
Soccer
NFL
Your Account Isn't Verified!
In order to create a playlist on Sporcle, you need to verify the email address you used during registration. Go to your
Sporcle Settings
to finish the process.
Report this User
Report this user for behavior that violates our
Community Guidelines
.
Details:
Send Report
Go to the Sporcle.com Mobile Site →
Comments